| 000 | 01065nam0a22002771 4500 | ||
|---|---|---|---|
| 001 | rc\4424077 | ||
| 005 | 20130416154729.9 | ||
| 035 | _a(NLR Aleph) 008307917 | ||
| 090 |
_a8678231 _c8678231 |
||
| 100 | _a20130416d1964 |||y0rusy50 ca | ||
| 101 | 0 | _arus | |
| 102 | _aRU | ||
| 105 | _aa z ||||| | ||
| 200 | 1 |
_aОбзор зарубежной вычислительной техники по состоянию на 1964 г. _fИн-т точной механики и вычислит. техники АН СССР. Электронные вычислит. машины |
|
| 210 |
_aМосква _cБ. и. _d1964 |
||
| 215 |
_a169 с., включ. обл., 2 л. табл. _d23 |
||
| 300 | _aОтпеч. множит. аппаратом | ||
| 320 | _aБиблиогр.: с. 86-124 | ||
| 333 | _aРассылается по списку. Экз. № 46 | ||
| 700 | 1 |
_aЗайденберг _bВ. К. |
|
| 701 | 1 |
_aТароватова _bЕ. В. |
|
| 801 | 0 |
_aRU _bNLR _gpsbo |
|
| 801 | 1 |
_aRU _bELAR _2rusmarc |
|
| 852 |
_aNLR _j64-5/5401 |
||
| 942 | _cBOOK | ||
| 980 | _aNB | ||